| 000 | 00461nam a22001817a 4500 | ||
|---|---|---|---|
| 005 | 20250729142333.0 | ||
| 008 | 250729b |||||||| |||| 00| 0 eng d | ||
| 020 | _a0-324-36115-7 | ||
| 100 | _aCZINKOTA MICHAEL R. | ||
| 245 | _aINTERNATIONAL MARKETING | ||
| 250 | _a8TH ED. | ||
| 260 |
_aNEW YORK _bTHOMSON _c2007 |
||
| 300 | _aXXX,646P. | ||
| 500 | _aINCLUDES AN INDEX | ||
| 650 | _aEXPORT MARKETING | ||
| 700 | _aRONKAINEN LLKKA A. | ||
| 942 |
_2lcc _cBK |
||
| 999 |
_c215973 _d215973 |
||